Centrum chorvátskej kultúry, Jarovce
Uložené v:
| Hlavný autor: | |
|---|---|
| Ďalší autori: | |
| Médium: | Rukopis Kniha |
| Jazyk: | Slovak |
| Vydavateľské údaje: |
2025
|
| Predmet: | |
| On-line prístup: | http://is.stuba.sk/zp/portal_zp.pl?podrobnosti=168218 |
| Tagy: |
Žiadne tagy, Buďte prvý, kto otaguje tento záznam!
|
MARC
| LEADER | 00000ntm a22000003a 4500 | ||
|---|---|---|---|
| 001 | stuzp104278 | ||
| 003 | SK-STU | ||
| 005 | 20250614212850.5 | ||
| 007 | ta | ||
| 008 | 150427s2015----xo-----f-mn---000-0-slo-d | ||
| 040 | |a STU |b slo | ||
| 041 | 0 | |a slo | |
| 100 | 1 | |a Javor, Matúš |u 052120 |4 aut |U FAD Fakulta architektúry a dizajnu |T FAD Ústav ekologickej a experimentálnej architektúry |X 115552 |U A2120 |Y 393 |7 115552 | |
| 242 | 0 | 1 | |a Croatian Cultural Center, Jarovce |y eng |
| 245 | 1 | 0 | |a Centrum chorvátskej kultúry, Jarovce |
| 260 | |c 2025 | ||
| 650 | 4 | |a ecological building |2 eng | |
| 650 | 4 | |a Croatian culture |2 eng | |
| 650 | 4 | |a community centre |2 eng | |
| 650 | 4 | |a chorvátska kultúra |2 slo | |
| 650 | 4 | |a komunitné centrum |2 slo | |
| 650 | 4 | |a ekologická stavba |2 slo | |
| 700 | 1 | |a Morgenstein, Peter |u 052120 |k Z2 |4 ths |U FAD Fakulta architektúry a dizajnu |T FAD Ústav ekologickej a experimentálnej architektúry |X 15965 |U A2120 |Y 393 |7 A000015965 | |
| 856 | 4 | |u http://is.stuba.sk/zp/portal_zp.pl?podrobnosti=168218 | |